| Tag |
First Indicator |
Second Indicator |
Subfields |
| LEADER |
00000cam a2200000Ii 4500 |
| 001 |
in00000012479 |
| 005 |
20190403132327.0 |
| 008 |
760927t19421942nyu 000 0 eng d |
| 010 |
|
|
|a 48005555
|
| 035 |
|
|
|a (OCoLC)ocm02464704
|
| 035 |
|
|
|a (OCoLC)02464704
|
| 035 |
|
|
|9 AAA5043AM
|
| 040 |
|
|
|a LQS
|b eng
|e rda
|c LQS
|d OCL
|d OCLCQ
|d BAKER
|d OCLCG
|d IXA
|d PMD
|d DIBAM
|d YDXCP
|d TULIB
|d OCLCQ
|d OCLCO
|d OCLCF
|d OCLCQ
|d VLB
|d OCL
|d OCLCQ
|d SNC
|d QE2
|
| 019 |
|
|
|a 48585257
|a 1044869876
|a 1045130777
|
| 020 |
|
|
|a 0394309545
|
| 020 |
|
|
|a 9780394309545
|
| 020 |
|
|
|a 0075536404
|
| 020 |
|
|
|a 9780075536406
|
| 035 |
|
|
|a (OCoLC)2464704
|z (OCoLC)48585257
|z (OCoLC)1044869876
|z (OCoLC)1045130777
|
| 041 |
1 |
|
|a eng
|h grc
|
| 043 |
|
|
|a e-gr---
|
| 050 |
|
4 |
|a DF225
|b .H4 1942
|
| 055 |
|
3 |
|a D58
|b .H4713 1942
|
| 082 |
0 |
4 |
|a 888
|
| 049 |
|
|
|a TXAM
|
| 100 |
0 |
|
|a Herodotus.
|
| 245 |
1 |
4 |
|a The Persian wars /
|c Herodotus ; translated by George Rawlinson ; with an introduction by Francis R.B. Godolphin.
|
| 264 |
|
1 |
|a New York :
|b Modern Library,
|c [1942]
|
| 264 |
|
4 |
|c ©1942
|
| 300 |
|
|
|a xxii, 714 pages ;
|c 19 cm.
|
| 336 |
|
|
|a text
|b txt
|2 rdacontent
|
| 337 |
|
|
|a unmediated
|b n
|2 rdamedia
|
| 338 |
|
|
|a volume
|b nc
|2 rdacarrier
|
| 490 |
1 |
|
|a Modern Library college editions
|
| 505 |
0 |
|
|a Clio -- Euterpe -- Thalia -- Melpomene -- Terpsichore -- Erato -- Polymnia -- Urania -- Calliope.
|
| 520 |
|
|
|a "The Greco-Persian Wars (also often called the Persian Wars) were a series of conflicts between the Achaemenid Empire of Persia and city-states of the Hellenic world that started in 499 BC and lasted until 449 BC. The collision between the fractious political world of the Greeks and the enormous empire of the Persians began when Cyrus the Great conquered Ionia in 547 BC. Struggling to rule the independent-minded cities of Ionia, the Persians appointed tyrants to rule each of them. This would prove to be the source of much trouble for the Greeks and Persians alike."--Wikipedia.
|
| 611 |
2 |
7 |
|a Persian Wars (Greece : 500-449 B.C.)
|2 fast
|0 (OCoLC)fst01353977
|
| 651 |
|
0 |
|a Greece
|x History
|y Persian Wars, 500-449 B.C.
|
| 650 |
|
4 |
|a History, Ancient.
|
| 651 |
|
4 |
|a Greece
|x History
|y Persian War, 500-449 B.C.
|
| 651 |
|
7 |
|a Greece.
|2 fast
|0 (OCoLC)fst01208380
|
| 651 |
|
7 |
|a GRECIA
|x HISTORIA
|y GUERRAS MEDICAS, 500-449 A.C.
|2 renib
|
| 651 |
|
7 |
|a GRECIA
|x HISTORIA.
|2 renib
|
| 648 |
|
7 |
|a 500-449 B.C
|2 fast
|
| 655 |
|
7 |
|a History.
|2 fast
|0 (OCoLC)fst01411628
|
| 700 |
1 |
|
|a Rawlinson, George,
|d 1812-1902.
|
| 776 |
0 |
8 |
|i Online version:
|a Herodotus.
|t Persian wars.
|d New York : Modern Library, ©1942
|w (OCoLC)988150852
|
| 830 |
|
0 |
|a Modern Library college editions.
|
| 949 |
|
|
|a updated
|b h
|c 2019/4/3
|e fpiscitelli
|f 1:23:21 pm
|
| 994 |
|
|
|a C0
|b TXA
|
| 999 |
f |
f |
|s 6ea27ac3-b757-322f-b477-03d220a23003
|i 622357b0-3a7b-38ab-a927-1b14f5b52460
|t 0
|
| 952 |
f |
f |
|p normal
|a Texas A&M University
|b College Station
|c Sterling C. Evans Library
|s Evans stk
|d Evans: Library Stacks
|t 0
|e DF225 .H4 1942
|h Library of Congress classification
|i unmediated -- volume
|m A14828842847
|
| 952 |
f |
f |
|p noncirc
|a Texas A&M University
|b College Station
|c Sterling C. Evans Library
|s Evans bodr
|d Bodrum (located in Turkey)
|t 0
|e DF225 .H4 1942
|h Library of Congress classification
|i unmediated -- volume
|
| 998 |
f |
f |
|a DF225 .H4 1942
|t 0
|l Bodrum (located in Turkey)
|
| 998 |
f |
f |
|a DF225 .H4 1942
|t 0
|l Evans: Library Stacks
|